[Event "Gerunda Tardor 3rd op"]
[Site "Gerunda"]
[Date "2019.10.08"]
[Round "3.9"]
[White "Ginesta Vila, Lluis"]
[Black "Vegas Cortes, Jose Maria"]
[Result "1-0"]
[WhiteElo "1665"]
[BlackElo "1760"]
[PlyCount "89"]
[EventDate "2019.09.24"]
[EventType "swiss"]
[EventRounds "9"]
[EventCountry "ESP"]
[SourceTitle "EXT 2024"]
[Source "ChessBase"]
[SourceDate "2023.10.10"]
[SourceVersion "1"]
[SourceVersionDate "2023.10.10"]
[SourceQuality "1"]

1. e4 e5 2. Nf3 Nc6 3. Bc4 Nf6 4. d3 Be7 5. c3 d6 6. 0-0 Na5 7. Qa4+ Nc6 8. d4 Bd7 9. Qb3 0-0 10. Ng5 d5 11. Bd3 Na5 12. Qc2 dxe4 13. Nxe4 Nxe4 14. Bxe4 f5 15. Bd5+ Kh8 16. dxe5 c6 17. Bf3 Nc4 18. Bf4 Be6 19. b3 Nb6 20. c4 Nd7 21. Nc3 g5 22. Be3 f4 23. Bc1 Nxe5 24. Be4 Rf7 25. Bb2 Qc7 26. f3 Raf8 27. Ne2 Bf5 28. Kh1 Kg8 29. Nd4 Bxe4 30. Qxe4 Qd6 31. Rad1 Qf6 32. Ne2 Qf5 33. Qxe5 Qxe5 34. Bxe5 Rf5 35. Bd6 Re8 36. Bxe7 Rxe7 37. Nc3 h5 38. Ne4 g4 39. Rd4 Rg7 40. Nd6 Rfg5 41. Re1 Kh7 42. Ne4 R5g6 43. fxg4 Rxg4 44. Nf6+ Kh6 45. Nxg4+ 1-0